[Event "Southend op 58th"]
[Site "Southend"]
[Date "2014.04.20"]
[Round "6"]
[White "Williamson, Paul L"]
[Black "Johnson, Paul A"]
[Result "0-1"]
[WhiteElo "2120"]
[BlackElo "1908"]
[PlyCount "38"]
[EventDate "2014.04.18"]
[EventType "swiss"]
[EventRounds "7"]
[EventCountry "ENG"]
[SourceTitle "EXT 2016"]
[Source "ChessBase"]
[SourceDate "2015.10.08"]
[SourceVersion "1"]
[SourceVersionDate "2015.10.08"]
[SourceQuality "1"]

1. d4 d5 2. c4 c6 3. Nc3 Nf6 4. Nf3 e6 5. cxd5 exd5 6. Bg5 Be7 7. Qc2 0-0 8. e3 Nbd7 9. Bd3 Re8 10. 0-0 Nf8 11. Rab1 a5 12. a3 Ne4 13. Bxe7 Qxe7 14. b4 axb4 15. axb4 Ng6 16. b5 Bg4 17. Nd2 Nxd2 18. Qxd2 Nh4 19. Kh1 Nf3 0-1

[Event "Southend op 58th"]
[Site "Southend"]
[Date "2014.04.18"]
[Round "1"]
[White "Peck, Silas"]
[Black "Williamson, Paul L"]
[Result "1-0"]
[WhiteElo "1842"]
[BlackElo "2120"]
[PlyCount "39"]
[EventDate "2014.04.18"]
[EventType "swiss"]
[EventRounds "7"]
[EventCountry "ENG"]
[SourceTitle "EXT 2016"]
[Source "ChessBase"]
[SourceDate "2015.10.08"]
[SourceVersion "1"]
[SourceVersionDate "2015.10.08"]
[SourceQuality "1"]

1. e4 c6 2. d4 d5 3. e5 Bf5 4. Nf3 e6 5. Be2 c5 6. Be3 cxd4 7. Nxd4 Bg6 8. 0-0 Ne7 9. Nd2 Nec6 10. N2f3 Nd7 11. Nxc6 bxc6 12. c4 Qa5 13. cxd5 cxd5 14. Nd4 Nxe5 15. Bb5+ Nd7 16. Qb3 Bd6 17. Rac1 Rb8 18. a4 0-0 19. Nc6 Rxb5 20. axb5 1-0

[Event "Southend op 58th"]
[Site "Southend"]
[Date "2014.04.18"]
[Round "2"]
[White "Williamson, Paul L"]
[Black "Zachariassen, Bjarne"]
[Result "1-0"]
[WhiteElo "2120"]
[BlackElo "1964"]
[PlyCount "89"]
[EventDate "2014.04.18"]
[EventType "swiss"]
[EventRounds "7"]
[EventCountry "ENG"]
[SourceTitle "EXT 2016"]
[Source "ChessBase"]
[SourceDate "2015.10.08"]
[SourceVersion "1"]
[SourceVersionDate "2015.10.08"]
[SourceQuality "1"]

1. d4 Nf6 2. c4 e5 3. dxe5 Ng4 4. Bf4 Nc6 5. Nf3 Bb4+ 6. Nc3 Bxc3+ 7. bxc3 Qe7 8. Qd5 f6 9. exf6 Nxf6 10. Qd3 d6 11. e3 0-0 12. Be2 Ne4 13. 0-0 Nc5 14. Qd2 Bg4 15. Nd4 Bxe2 16. Nxe2 Rae8 17. Qd5+ Kh8 18. Nd4 Qd7 19. Rfd1 Ne7 20. Qh5 Ng6 21. Bg3 Ne4 22. Rac1 Nxg3 23. hxg3 Qf7 24. Nf3 Ne5 25. Qxf7 Rxf7 26. Nxe5 Rxe5 27. Rd5 Ref5 28. f3 b6 29. e4 R5f6 30. Rcd1 g6 31. e5 dxe5 32. Rxe5 c5 33. Kf2 Kg7 34. Red5 Rc6 35. Rd7 Rc7 36. Rxc7 Rxc7 37. a4 Kf6 38. g4 Ke6 39. f4 Kf6 40. Kf3 Rf7 41. g5+ Ke6 42. g4 Rf8 43. Rd5 Rf7 44. Ke4 Rg7 45. f5+ 1-0

[Event "BCF-chT2 0304 (4NCL)"]
[Site "West Bromwich"]
[Date "2004.05.23"]
[Round "11.7"]
[White "Williamson, Paul L"]
[Black "Okike, David"]
[Result "0-1"]
[WhiteElo "2134"]
[BlackElo "2172"]
[PlyCount "72"]
[EventDate "2003.11.17"]
[EventType "team"]
[EventRounds "11"]
[EventCountry "ENG"]
[SourceTitle "EXT 2005"]
[Source "ChessBase"]
[SourceDate "2004.11.15"]
[SourceVersion "1"]
[SourceVersionDate "2004.11.15"]
[SourceQuality "1"]
[WhiteTeam "Barbican III"]
[BlackTeam "Kings Head"]
[WhiteTeamCountry "ENG"]
[BlackTeamCountry "ENG"]

1. d4 Nf6 2. c4 e6 3. Nc3 Bb4 4. Qc2 c5 5. dxc5 Nc6 6. e3 Bxc5 7. a3 b6 8. Nf3 Bb7 9. Bd3 h6 10. 0-0 a6 11. b4 Be7 12. Bb2 0-0 13. Rfd1 Rc8 14. Qe2 a5 15. b5 Nb8 16. e4 Qc7 17. Na4 d6 18. Bd4 Nbd7 19. Nd2 Nc5 20. Nxc5 dxc5 21. Bb2 Nd7 22. e5 Bg5 23. Re1 Bxd2 24. Qxd2 Rfd8 25. Qe3 Nf8 26. Rad1 Rd7 27. h4 Qd8 28. Qg3 Qe7 29. Bc1 Kh8 30. Bb2 Rcd8 31. Re3 Ng6 32. Qh3 Qxh4 33. Qxh4 Nxh4 34. g4 Bf3 35. Rd2 Bxg4 36. Kf1 Bf5 0-1

[Event "BCF-chT2 0203 (4NCL)"]
[Site "West Bromwich"]
[Date "2003.04.12"]
[Round "7.6"]
[White "Williamson, Paul L"]
[Black "Bass, John W"]
[Result "1-0"]
[WhiteElo "2149"]
[BlackElo "2045"]
[PlyCount "81"]
[EventDate "2002.11.??"]
[EventType "team"]
[EventRounds "11"]
[EventCountry "ENG"]
[SourceTitle "EXT 2004"]
[Source "ChessBase"]
[SourceDate "2003.11.25"]
[SourceVersion "1"]
[SourceVersionDate "2003.11.25"]
[SourceQuality "1"]
[WhiteTeam "Barbican III"]
[BlackTeam "Kings Head"]
[WhiteTeamCountry "ENG"]
[BlackTeamCountry "ENG"]

1. d4 d5 2. c4 e6 3. Nc3 Nf6 4. Nf3 Nbd7 5. cxd5 exd5 6. Bg5 c6 7. Qc2 Be7 8. e3 0-0 9. Bd3 Re8 10. 0-0 Nf8 11. Ne5 Ng4 12. Bxe7 Qxe7 13. Nxg4 Bxg4 14. Rae1 Rad8 15. h3 Bc8 16. f4 h6 17. Qf2 Nd7 18. g4 Nf6 19. Kh1 Ne4 20. Bxe4 dxe4 21. f5 c5 22. f6 gxf6 23. dxc5 Qxc5 24. Qxf6 Qe7 25. Qxh6 Rd2 26. Re2 Red8 27. Rff2 R2d6 28. Qf4 b6 29. Kh2 Bb7 30. Nb5 Rd5 31. Nd4 Qd6 32. Rc2 Qxf4+ 33. Rxf4 Rc5 34. Rcf2 Rc7 35. Nf5 Rd3 36. Kg3 Bd5 37. b3 Rcc3 38. Ne7+ Kg7 39. Nxd5 Rxd5 40. Rxe4 Rdd3 41. Kf4 1-0

[Event "BCF-chT2 0203 (4NCL)"]
[Site "West Bromwich"]
[Date "2003.01.19"]
[Round "4.5"]
[White "Trevelyan, John"]
[Black "Williamson, Paul L"]
[Result "1/2-1/2"]
[WhiteElo "2191"]
[BlackElo "2149"]
[PlyCount "64"]
[EventDate "2002.11.??"]
[EventType "team"]
[EventRounds "11"]
[EventCountry "ENG"]
[SourceTitle "EXT 2004"]
[Source "ChessBase"]
[SourceDate "2003.11.25"]
[SourceVersion "1"]
[SourceVersionDate "2003.11.25"]
[SourceQuality "1"]
[WhiteTeam "SW Dragons II"]
[BlackTeam "Barbican III"]
[WhiteTeamCountry "ENG"]
[BlackTeamCountry "ENG"]

1. Nc3 b6 2. e4 Bb7 3. Bc4 e6 4. d3 Nc6 5. a3 Be7 6. Nf3 d6 7. d4 Nf6 8. d5 exd5 9. exd5 Na5 10. Be2 Bc8 11. b4 Nb7 12. Nd4 0-0 13. 0-0 a6 14. Bd3 Re8 15. Nc6 Qd7 16. Qf3 Ng4 17. Bd2 Ne5 18. Nxe5 dxe5 19. Qh5 g6 20. Qh6 Bf8 21. Qe3 Nd6 22. Ne4 Bg7 23. c4 Nxe4 24. Bxe4 f5 25. Bc2 Bb7 26. Bb3 Kh8 27. Bc3 b5 28. Rad1 bxc4 29. Bxc4 Qd6 30. Rfe1 Rad8 31. f4 e4 32. g3 Bxc3 1/2-1/2

[Event "BCF-chT2 0203 (4NCL)"]
[Site "West Bromwich"]
[Date "2003.01.18"]
[Round "3.5"]
[White "Williamson, Paul L"]
[Black "Thurlow, Kevin J"]
[Result "1/2-1/2"]
[WhiteElo "2149"]
[BlackElo "2203"]
[PlyCount "34"]
[EventDate "2002.11.??"]
[EventType "team"]
[EventRounds "11"]
[EventCountry "ENG"]
[SourceTitle "EXT 2004"]
[Source "ChessBase"]
[SourceDate "2003.11.25"]
[SourceVersion "1"]
[SourceVersionDate "2003.11.25"]
[SourceQuality "1"]
[WhiteTeam "Barbican III"]
[BlackTeam "White Rose"]
[WhiteTeamCountry "ENG"]
[BlackTeamCountry "ENG"]

1. d4 Nf6 2. c4 e6 3. Nc3 d5 4. Nf3 c5 5. cxd5 exd5 6. Bg5 Be6 7. g3 Nc6 8. Bg2 cxd4 9. Nxd4 Bc5 10. e3 h6 11. Nxc6 bxc6 12. Bxf6 Qxf6 13. 0-0 0-0 14. Rc1 Bb6 15. Na4 Rfc8 16. Qd2 Rab8 17. Nxb6 axb6 1/2-1/2

[Event "BCF-chT3b 0001 (4NCL)"]
[Site "Birmingham"]
[Date "2000.09.23"]
[Round "1.5"]
[White "Ponter, Ian"]
[Black "Williamson, Paul L"]
[Result "1/2-1/2"]
[WhiteElo "1896"]
[BlackElo "2149"]
[PlyCount "40"]
[EventDate "2000.11.26"]
[EventType "team-tourn"]
[EventRounds "7"]
[EventCountry "ENG"]
[SourceTitle "EXT 2002"]
[Source "ChessBase"]
[SourceDate "2001.11.25"]
[SourceVersion "1"]
[SourceVersionDate "2001.11.25"]
[SourceQuality "1"]
[WhiteTeam "Bristol III"]
[BlackTeam "Barbican III"]
[WhiteTeamCountry "ENG"]
[BlackTeamCountry "ENG"]

1. e4 c6 2. d4 d5 3. f3 dxe4 4. fxe4 e5 5. Nf3 exd4 6. Bc4 Be6 7. Bxe6 fxe6 8. 0-0 Be7 9. Nxd4 Qd6 10. Kh1 Bf6 11. c3 Nd7 12. Na3 0-0-0 13. Be3 Nb6 14. Qb3 e5 15. Nf5 Qc7 16. Rad1 Ne7 17. Nxe7+ Bxe7 18. Nc4 Nxc4 19. Qxc4 b6 20. h3 Bf6 1/2-1/2

[Event "BCF-chT 9899 (4NCL)"]
[Site "England"]
[Date "1999.05.03"]
[Round "11.6"]
[White "Williamson, Paul L"]
[Black "Mason, Donald"]
[Result "0-1"]
[WhiteElo "2170"]
[BlackElo "2295"]
[PlyCount "31"]
[EventDate "1998.10.??"]
[EventType "team"]
[EventRounds "11"]
[EventCountry "ENG"]
[SourceTitle "EXT 2000"]
[Source "ChessBase"]
[SourceDate "1999.11.16"]
[SourceVersion "1"]
[SourceVersionDate "1999.11.16"]
[SourceQuality "1"]
[WhiteTeam "Barbican"]
[BlackTeam "BIG"]
[WhiteTeamCountry "ENG"]
[BlackTeamCountry "ENG"]

1. d4 Nf6 2. c4 g6 3. Nc3 Bg7 4. e4 d6 5. f3 0-0 6. Be3 c5 7. d5 e6 8. Qd2 exd5 9. cxd5 a6 10. Bd3 Nbd7 11. Rc1 Ne5 12. Bb1 Nc4 13. Qf2 Nxe3 14. Qxe3 Re8 15. Nge2 b5 16. 0-0 0-1

[Event "Southend op"]
[Site "London"]
[Date "1998.04.13"]
[Round "7"]
[White "Lock, Gavin R"]
[Black "Williamson, Paul L"]
[Result "1/2-1/2"]
[WhiteElo "1840"]
[BlackElo "2072"]
[PlyCount "22"]
[EventDate "1998.04.10"]
[EventType "swiss"]
[EventRounds "7"]
[EventCountry "ENG"]
[SourceTitle "EXT 2001"]
[Source "ChessBase"]
[SourceDate "2000.11.22"]
[SourceVersion "1"]
[SourceVersionDate "2000.11.22"]
[SourceQuality "1"]

1. d4 Nf6 2. Nf3 g6 3. Bg5 Ne4 4. Bf4 Bg7 5. Nbd2 d5 6. e3 c5 7. Bd3 Bf5 8. Ne5 f6 9. Bb5+ Kf8 10. Nef3 Qa5 11. Be2 Nc6 1/2-1/2

[Event "Southend op"]
[Site "London"]
[Date "1998.04.10"]
[Round "1"]
[White "Korzeniewski, Roman E"]
[Black "Williamson, Paul L"]
[Result "0-1"]
[WhiteElo "1656"]
[BlackElo "2072"]
[PlyCount "62"]
[EventDate "1998.04.10"]
[EventType "swiss"]
[EventRounds "7"]
[EventCountry "ENG"]
[SourceTitle "EXT 2001"]
[Source "ChessBase"]
[SourceDate "2000.11.22"]
[SourceVersion "1"]
[SourceVersionDate "2000.11.22"]
[SourceQuality "1"]

1. e4 c6 2. d4 d5 3. exd5 cxd5 4. c4 Nf6 5. Nc3 Nc6 6. Nf3 Bg4 7. cxd5 Nxd5 8. Qb3 Bxf3 9. gxf3 e6 10. Qxb7 Nxd4 11. Bb5+ Nxb5 12. Qxb5+ Qd7 13. Nxd5 exd5 14. Qxd7+ Kxd7 15. 0-0 Bb4 16. Be3 Rhc8 17. Rac1 a6 18. Rfd1 Ke6 19. Kf1 Bd6 20. h3 Be5 21. b3 d4 22. Bg5 f6 23. Bh4 Rc3 24. Rxc3 dxc3 25. Bg3 Rc8 26. Bxe5 Kxe5 27. Rc1 Kd4 28. Rd1+ Kc5 29. Rc1 Kb4 30. Rc2 Rd8 31. Ke2 Rd4 0-1

[Event "BCF-chT2 9798 (4NCL)"]
[Site "England"]
[Date "1998.01.24"]
[Round "5.5"]
[White "Punnett, Alan Kenneth"]
[Black "Williamson, Paul L"]
[Result "1/2-1/2"]
[WhiteElo "2100"]
[BlackElo "2160"]
[PlyCount "99"]
[EventDate "1997.11.??"]
[EventType "team"]
[EventRounds "11"]
[EventCountry "ENG"]
[SourceTitle "EXT 1999"]
[Source "ChessBase"]
[SourceDate "1998.11.16"]
[SourceVersion "1"]
[SourceVersionDate "1998.11.16"]
[SourceQuality "1"]
[WhiteTeam "Guildford II"]
[BlackTeam "Barbican II"]
[WhiteTeamCountry "ENG"]
[BlackTeamCountry "ENG"]

1. d4 Nf6 2. c4 g6 3. Nc3 d5 4. Nf3 Bg7 5. Qb3 dxc4 6. Qxc4 0-0 7. e4 c6 8. a4 Na6 9. h3 Be6 10. Qe2 Nb4 11. Be3 Bb3 12. Rc1 Qa5 13. Nd2 Be6 14. Qf3 Na2 15. Nxa2 Bxa2 16. Bd3 Be6 17. Bc4 Bxc4 18. Rxc4 Nd7 19. 0-0 Nb6 20. Nb3 Qa6 21. Rb4 Nxa4 22. Ra1 b5 23. Nc5 Qa5 24. Bd2 Qd8 25. Nxa4 bxa4 26. Bc3 c5 27. dxc5 Qc7 28. Bxg7 Kxg7 29. Qc3+ Kg8 30. Rbxa4 Rfd8 31. Rd4 Rxd4 32. Qxd4 Rb8 33. Rd1 Rb5 34. Rc1 Rb8 35. c6 Rd8 36. Qc4 a5 37. g3 Rb8 38. Rc2 Kg7 39. Qd4+ e5 40. Qd7 Qxd7 41. cxd7 Rd8 42. Rc7 Kf6 43. Ra7 Ke6 44. Kg2 Rxd7 45. Rxa5 Rb7 46. Ra6+ Ke7 47. Ra2 Rb3 48. g4 g5 49. Ra5 Kf6 50. Ra6+ 1/2-1/2